000 00616nam a2200229Ia 4500
003 OSt
005 20220928111450.0
006 a|||||r|||| 00| 0
007 ta
008 220927b |||||||| |||| 00| 0 eng d
024 _a28912
037 _cTextual
040 _aSDCL
_cSDCL
_beng
041 _2eng
_aeng
082 _aV2y7N18, N7
100 _aTiwari Karishma
_9423783
245 0 _aDr Sankar Dayal Sharma
_b Ek Nirvivad rajneetigh.
260 _aDelhi
_bMega Books
_c1997
300 _a80p
_ccm.
942 _hV2y7N18, N7
_cTEXL
_2CC
999 _c740338
_d740338